MANAGEMENT in Malaysia : a basic text on general management with local reference to managing a Malaysian business

Bibliographic Details
Corporate Author: Malaysian Institute of Management (MIM)
Format: Book
Published: Kuala Lumpur : Malaysian Institute of Management , 2001, 2003
Edition:2nd ed.
Series:FAO forestry paper; v. 140
Subjects:

MARC

LEADER 00000cam a2200000 7i4500
001 0000001909
005 20040514.0
020 0 0 |a 9839065157 
090 0 0 |a 658.009595   |b MAN 2003 
245 0 0 |a MANAGEMENT in Malaysia :   |b a basic text on general management with local reference to managing a Malaysian business 
250 0 0 |a 2nd ed. 
260 0 0 |a Kuala Lumpur :   |b Malaysian Institute of Management ,   |c 2001, 2003 
300 |a xv, 396 p. ;   |c 26 cm. 
440 0 0 |a FAO forestry paper; v. 140 
500 0 0 |a Includes bibliographical references and index 
650 0 0 |a Industrial management   |z Malaysia 
650 0 0 |a Management   |z Malaysia 
710 1 1 |a Malaysian Institute of Management (MIM) 
998 |a JPSM 
999 |a 0000005531   |b Monograph   |c Open Shelf   |e Default branch